000 00393nam a2200157Ia 4500
008 230524s9999 xx 000 0 und d
082 _a401.11
_bBIR
100 _aBinakishore Panda
_916793
245 4 _aThe Complete 21st Century Dictionary
250 _a1ST
260 _aNEW DELHI
_bAjanta
_c2003
300 _aIV;724
500 _aQuantity Number: 1
650 _aEnglish
942 _cBK
999 _c25250
_d25250